000 00566nam a2200217Ia 4500
003 OSt
005 20220928140202.0
006 a|||||r|||| 00| 0
007 ta
008 220927b |||||||| |||| 00| 0 eng d
024 _a7403
037 _cTextual
040 _aSDCL
_cSDCL
_beng
041 _2eng
_aeng
082 _aD6,8(B), P1
100 _aHopcroft Johan E
_9494542
245 0 _aIntroducation to automata theory languages and computing
260 _c2001
942 _hD6,8(B), P1
_cTEXL
_2CC
999 _c810487
_d810487